Legislación bancaria : 1932-1980 /

Obra en cinco volúmenes, que compila las leyes que han normado el régimen general de instituciones de crédito y sus organizaciones auxiliares desde 1830 hasta 1980, incluida la legilsación que rige para la Secretaría de Hacienda y Crédito Público, el Banco de México y la Comisión Nacional Bancaria.

I tiakina i:
Ngā taipitopito rārangi puna kōrero
Kaituhi rangatōpū: México
Hōputu: Pukapuka
Reo:Pāniora
Ngā marau:
Ngā Tūtohu: Tāpirihia he Tūtohu
Kāore He Tūtohu, Me noho koe te mea tuatahi ki te tūtohu i tēnei pūkete!

MARC

LEADER 00000nam^a2200000^a^4500
001 000156762
005 20250521000000.0
009 20260310100515.012
037 |a Acervo ITESO - Biblioteca 
041 |a ESP 
082 |a 346. 72082  |b MEX V. 2 
110 |a México 
240 1 1 |a [Legislación bancaria] 
240 1 1 |a [Leyes, etc.] 
245 1 0 |a Legislación bancaria :  |b 1932-1980 /  |c México. 
264 |a México :  |b Secretaría de Hacienda y Crédito Público, Dirección General de Bancos, Seguros y Valores,  |c 1980 
300 |a 819 p. 
336 |a texto  |b txt  |2 rdacontenido 
337 |a sin mediación  |b n  |2 rdamedio 
338 |a volumen  |b nc  |2 rdasoporte 
520 |a Obra en cinco volúmenes, que compila las leyes que han normado el régimen general de instituciones de crédito y sus organizaciones auxiliares desde 1830 hasta 1980, incluida la legilsación que rige para la Secretaría de Hacienda y Crédito Público, el Banco de México y la Comisión Nacional Bancaria. 
649 |a XX 
650 |a Bancos y Operaciones Bancarias -  |z México 
650 |a Finanzas -  |z México 
650 |a Crédito -  |z México 
650 |a Economía -  |z México -  |x Historia -  |y Maximato, 1928-1934 
650 |a Economía -  |z México -  |x Historia -  |y Régimen Cardenista, 1934-1940 
650 |a Economía -  |z México -  |x Historia -  |y 1940-1946 
650 |a Economía -  |z México -  |x Historia -  |y 1946-1952 
650 |a Economía -  |z México -  |x Historia -  |y 1952-1958 
650 |a Economía -  |z México -  |x Historia -  |y 1958-1964 
650 |a Economía -  |z México -  |x Historia -  |y 1964-1970 
650 |a Economía -  |z México -  |x Historia -  |y 1970-1976 
650 |a Economía -  |z México -  |x Historia -  |y 1976-1982 
650 |a Derecho Bancario -  |z México 
650 |a Derecho Mercantil -  |z México 
650 |a Derecho Financiero -  |z México 
650 |a Derecho Económico -  |z México 
650 |a Derecho Civil -  |z México 
650 |a Derecho Privado -  |z México 
650 |a Derecho Público -  |z México 
910 |a Fondo General 
920 |a Impresos - Libros 
930 |a Colección General 
905 |a 101 
901 |a 0500085307  |b IT1  |c ACC  |u 20250521 
902 |a https://opac.biblio.iteso.mx/vufind/Record/000156762